| 000 | 00000nam##2200000za#4500 |
| 001 | 9.639051 |
| 003 | CaOODSP |
| 005 | 20210624221956 |
| 007 | cr ||||||||||| |
| 008 | 150407|2002||||xxc|||||o f|0| 0 fre|d |
| 040 | |aCaOODSP|bfre |
| 043 | |an-cn--- |
| 086 | 1 |aR2-193/2002F-PDF |
| 110 | 1 |aCanada.|bAffaires indiennes et du Nord. |
| 245 | 10|aLes Jeux d'hiver de l'Arctique : |h[ressource électronique]|bune façon originale d'allier sports et culture |
| 260 | |aOttawa - Ontario : |bAffaires indiennes et du Nord |c[2002]. |
| 300 | |a4p.|bill. |
| 500 | |aLe n° de catalogue (R2-193/2002F) et l'ISBN (0-662-86688-6) imprimés dans cette publication sont incorrects. |
| 590 | |a11-15-Supp|b2011-08-22 |
| 775 | 08|tArctic winter games : |w(CaOODSP)9.694881 |
| 856 | 40|ahttp://publications.gc.ca|qPDF|s259 Ko|uhttps://publications.gc.ca/collections/collection_2011/ainc-inac/R2-193-2002-fra.pdf |
| 986 | |aQS-6120-015-FF-A1 |